Movies Quiz

Random Movies or Decade Quiz
Score 0/100 Timer 10:00
10 Plays Today
% Correct
John Wayne
84.2%
John Wayne
84.2%
John Wayne
84.2%
John Wayne
84.2%
John Wayne
84.2%
John Wayne
84.2%
John Wayne
84.2%
John Wayne
84.2%
John Wayne
84.2%
John Wayne
84.2%
Paul Newman
81.6%
Paul Newman
81.6%
Paul Newman
81.6%
Paul Newman
81.6%
Paul Newman
81.6%
Paul Newman
81.6%
Elizabeth Taylor
77.9%
Elizabeth Taylor
77.9%
Elizabeth Taylor
77.9%
Elizabeth Taylor
77.9%
Elizabeth Taylor
77.9%
Elizabeth Taylor
77.9%
Elizabeth Taylor
77.9%
Elizabeth Taylor
77.9%
Katharine Hepburn
77%
Dean Martin
75.9%
Dean Martin
75.9%
Frank Sinatra
75.1%
Frank Sinatra
75.1%
James Stewart
73.6%
Clint Eastwood
72.5%
Clint Eastwood
72.5%
Cary Grant
72.3%
Cary Grant
72.3%
% Correct
Cary Grant
72.3%
Cary Grant
72.3%
Cary Grant
72.3%
Cary Grant
72.3%
Cary Grant
72.3%
Rock Hudson
69.8%
Rock Hudson
69.8%
Rock Hudson
69.8%
Rock Hudson
69.8%
Rock Hudson
69.8%
Dustin Hoffman
69.8%
Jack Lemmon
69.5%
Jack Lemmon
69.5%
Jack Lemmon
69.5%
Jack Lemmon
69.5%
Jack Lemmon
69.5%
Jack Lemmon
69.5%
Jack Lemmon
69.5%
Doris Day
68.7%
Doris Day
68.7%
Doris Day
68.7%
Doris Day
68.7%
Doris Day
68.7%
Doris Day
68.7%
Doris Day
68.7%
Richard Burton
67.9%
Richard Burton
67.9%
Richard Burton
67.9%
Richard Burton
67.9%
Julie Andrews
67.8%
Julie Andrews
67.8%
Julie Andrews
67.8%
Steve McQueen
67.8%
Julie Andrews
67.8%
% Correct
Steve McQueen
67.8%
Steve McQueen
67.8%
Jerry Lewis
67.1%
Jerry Lewis
67.1%
Jerry Lewis
67.1%
Sean Connery
64.4%
Sean Connery
64.4%
Sean Connery
64.4%
Sidney Poitier
62.2%
Sidney Poitier
62.2%
Sidney Poitier
62.2%
Elvis Presley
61.6%
Elvis Presley
61.6%
Elvis Presley
61.6%
Elvis Presley
61.6%
Elvis Presley
61.6%
Elvis Presley
61.6%
Tony Curtis
55.6%
Tony Curtis
55.6%
Barbra Streisand
55.3%
Debbie Reynolds
55%
Burt Lancaster
54%
Lee Marvin
49.7%
Lee Marvin
49.7%
Lee Marvin
49.7%
William Holden
46.5%
Shirley MacLaine
45.6%
Sandra Dee
40.2%
Sandra Dee
40.2%
Sandra Dee
40.2%
Sandra Dee
40.2%
Ann-Margret
32%

You're not logged in!

Compare scores with friends on all Sporcle quizzes.
OR
Log In

Sporcle TV

Today on Sporcle TV


Watch our educational content, quiz creation guides, and fun videos on Sporcle TV.

Show Comments

Extras

Top Quizzes Today


Score Distribution

Paid Content

Your Account Isn't Verified!

In order to create a playlist on Sporcle, you need to verify the email address you used during registration. Go to your Sporcle Settings to finish the process.

Report this User

Report this user for behavior that violates our Community Guidelines.

Details: